|
|
|
|
| LEADER |
01203nam a2200265 a 4500 |
| 001 |
13482287 |
| 008 |
091117s2002 bg b 100 0 eng d |
| 010 |
|
|
|a 2003321765
|
| 040 |
|
|
|a DLC
|c DLC
|d DLC
|
| 082 |
0 |
0 |
|a 331.12/042/095492
|2 21
|
| 245 |
0 |
0 |
|a Beyond the maze :
|b streamlining labour recruitment process in Bangladesh /
|c edited by Tasneem Siddiqui.
|
| 260 |
|
|
|a Dhaka :
|b Refugee and Migratory Movements Research Unit,
|c 2002.
|
| 300 |
|
|
|a 150, [3] p. ;
|c 23 cm.
|
| 546 |
|
|
|a In English; part in Bengali.
|
| 520 |
|
|
|a Contributed articles at workshop.
|
| 504 |
|
|
|a Includes bibliographical references (p. [152]-[153]).
|
| 541 |
1 |
|
|e 00013667
|
| 650 |
|
0 |
|a Foreign workers, Bengladeshi
|x Recruiting
|z Foreign countries
|v Congresses.
|
| 650 |
|
0 |
|a Labor supply
|z Bangladesh
|v Congresses.
|
| 650 |
|
0 |
|a Employees
|x Recruiting
|z Bangladesh
|v Congresses.
|
| 700 |
1 |
|
|a Siddiqui, Tasneem.
|
| 710 |
2 |
|
|a Refugee and Migratory Movements Research Unit.
|
| 852 |
4 |
|
|a Ayesha Abed Library
|j General Shelf.
|
| 999 |
|
|
|c 5653
|d 5653
|
| 952 |
|
|
|0 0
|1 0
|2 ddc
|4 0
|6 331_120420954920000_BEY
|7 0
|9 5571
|a BRACUL
|b BRACUL
|c GEN
|d 2009-11-21
|g 200.00
|l 2
|m 6
|o 331.12042095492 BEY
|p 3010013667
|r 2024-01-04
|s 2023-10-18
|t 1
|v 400.00
|w 2009-11-21
|y BK
|